Normal view
MARC view
Entry Término temático
001 - NÚMERO DE CONTROL
- campo de control: 138930
003 - IDENTIFICADOR DEL NÚMERO DE CONTROL
- campo de control: OSt
005 - FECHA Y HORA DE LA ÚLTIMA TRANSACCIÓN
- campo de control: 20220127155905.0
008 - DATOS DE LONGITUD FIJA
- campo de control de longitud fija: 220127|| aca||aabn | a|a d
040 ## - FUENTE DE LA CATALOGACIÓN
- Centro catalogador/agencia de origen: OSt
- Centro/agencia transcriptor: OSt
150 ## - ENCABEZAMIENTO--TÉRMINO DE MATERIA
- Término de materia o nombre geográfico como elemento de entrada: Botánica
- Subdivisión general: Clasificación I. Porras Martínez, María del Carmen II. UACH. Dirección de Difusión Cultural
670 ## - FUENTE DE DATOS ENCONTRADOS
- Cita de la fuente: Work cat.: (OSt)164866: Rodríguez Castañeda, Bertha 98376, Botánica sistemática /, 1996
